Geography Quiz

Random Geography or Asia Quiz

2 Borders Away: Kyrgyzstan Quiz Stats

Quiz not verified by Sporcle

Challenge
Share
Tweet
Embed
Score 0/12 Timer 03:00
0 Plays Today
Answer % Correct
Russia
93.6%
Afghanistan
90.2%
India
90.2%
North Korea
88.4%
Pakistan
88.4%
Nepal
87.3%
Mongolia
84.4%
Turkmenistan
82.7%
Laos
82.7%
Vietnam
82.7%
Myanmar
81.5%
Bhutan
79.2%

You're not logged in!

Compare scores with friends on all Sporcle quizzes.
Sign Up with Email
OR
Log In

You Might Also Like...

Show Comments

Extras

Top Quizzes Today


Score Distribution

Your Account Isn't Verified!

In order to create a playlist on Sporcle, you need to verify the email address you used during registration. Go to your Sporcle Settings to finish the process.

Report this User

Report this user for behavior that violates our Community Guidelines.

Details: